| 000 | 01739cam a2200325 a 4500 | ||
|---|---|---|---|
| 001 | 14462747 | ||
| 005 | 20170105102911.0 | ||
| 008 | 060721s2006 nyuabf b 001 0 eng | ||
| 010 | _a 2006050304 | ||
| 020 | _a1594201005 | ||
| 020 | _a9781594201004 | ||
| 035 | _a(OCoLC)ocm70839824 | ||
| 040 |
_aDLC _cDLC _dYDXCP _dBAKER _dOCO _dYBM _dVP@ _dOCLCQ _dDLC |
||
| 050 | 0 | 0 |
_aJZ6385 _b.F47 2006 |
| 082 | 0 | 0 |
_a303.6/6 _222 |
| 100 | 1 | _aFerguson, Niall. | |
| 245 | 1 | 4 |
_aThe war of the world : _btwentieth-century conflict and the descent of the West / _cNiall Ferguson. |
| 260 |
_aNew York : _bPenguin Press, _c2006. |
||
| 300 |
_alxxi, 808 p., [24] p. of plates : _bill., maps ; _c24 cm. |
||
| 504 | _aIncludes bibliographical references (p. 655-764) and index. | ||
| 505 | 0 | _aI: The great train crash -- Empires and races -- Orient express -- Fault lines -- The contagion of war -- Graves of nations -- II: Empire-states -- The plan -- Strange folk -- An incidental empire -- Defending the indefensible -- The pity of peace -- III: Killing space -- Blitzkrieg -- Through the looking glass -- Killers and collaborators -- The gates of hell -- IV: A tainted triumph -- The osmosis of war -- Kaputt -- The descent of the west. | |
| 650 | 0 | _aWar. | |
| 650 | 0 |
_aWar _xCauses. |
|
| 650 | 0 |
_aWorld politics _y20th century. |
|
| 856 | 4 | 2 |
_3Contributor biographical information _uhttp://www.loc.gov/catdir/enhancements/fy0721/2006050304-b.html |
| 856 | 4 | 2 |
_3Publisher description _uhttp://www.loc.gov/catdir/enhancements/fy0721/2006050304-d.html |
| 906 |
_a7 _bcbc _corignew _d1 _eocip _f20 _gy-gencatlg |
||
| 942 |
_2ddc _cBK |
||
| 999 |
_c15125 _d15125 |
||